|
|
|
|
| LEADER |
00000nam0a2200000 4500 |
| 001 |
253941 |
| 005 |
20231101232905.0 |
| 010 |
|
|
|a 3055002458
|
| 035 |
|
|
|a (RuTPU)RU\TPU\book\276361
|
| 090 |
|
|
|a 253941
|
| 100 |
|
|
|a 20140318d1988 k y0gery50 ba
|
| 101 |
0 |
|
|a ger
|
| 102 |
|
|
|a DE
|
| 105 |
|
|
|a a z 001zy
|
| 200 |
1 |
|
|a Einführung in die Expermentautomatisierung
|f Herausgegeben R. A. Pose
|
| 210 |
|
|
|a Berlin
|c Akademie-Verlag
|d 1988
|
| 215 |
|
|
|a 420 с.
|c il.
|e Mit 212 Abbildungen und 44 Tabellen
|
| 320 |
|
|
|a Autorenregister: s. 415-416.
|
| 320 |
|
|
|a Sachverzeichnis: s. 417-420.
|
| 606 |
1 |
|
|a Автоматизация производственных процессов
|2 stltpush
|3 (RuTPU)RU\TPU\subj\610
|9 29485
|
| 610 |
1 |
|
|a промышленные производства
|
| 610 |
1 |
|
|a промышленные предприятия
|
| 610 |
1 |
|
|a автоматизация
|
| 610 |
1 |
|
|a управление
|
| 610 |
1 |
|
|a немецкий язык
|
| 675 |
|
|
|a 65.011.56
|v 3
|
| 702 |
|
1 |
|a Pose
|b R. A.
|4 340
|
| 801 |
|
1 |
|a RU
|b 63413507
|c 20140318
|
| 801 |
|
2 |
|a RU
|b 63413507
|c 20140630
|g RCR
|
| 942 |
|
|
|c BK
|